LEADER 01913oam 2200577 450 001 9910707494303321 005 20180627071017.0 035 $a(CKB)5470000002464581 035 $a(OCoLC)956256342 035 $a(EXLCZ)995470000002464581 100 $a20160807d2016 ua 0 101 0 $aeng 135 $aurmn||||||||| 181 $ctxt$2rdacontent 182 $cc$2rdamedia 183 $acr$2rdacarrier 200 10$aAfghan National Army $eDOD has taken steps to remedy poor management of vehicle maintenance program 210 1$aArlington, VA :$cSpecial Inspector General for Afghanistan Reconstruction,$d2016. 210 4$dİ2016 215 $a1 online resource (iv, 21 pages) $cillustrations 225 1 $aSIGAR audit report ;$v16-49 300 $a"July 2016." 320 $aIncludes bibliographical references. 517 $aAfghan National Army 606 $aPublic contracts$zAfghanistan$xManagement$xEvaluation 606 $aMilitary assistance, American$zAfghanistan 606 $aArmed Forces$xEquipment and supplies$xMaintenance and repair$2fast 606 $aManagement$xEvaluation$2fast 606 $aMilitary assistance, American$2fast 606 $aPublic contracts$xManagement$xEvaluation$2fast 607 $aAfghanistan$2fast 615 0$aPublic contracts$xManagement$xEvaluation. 615 0$aMilitary assistance, American 615 7$aArmed Forces$xEquipment and supplies$xMaintenance and repair. 615 7$aManagement$xEvaluation. 615 7$aMilitary assistance, American. 615 7$aPublic contracts$xManagement$xEvaluation. 801 0$bDID 801 1$bDID 801 2$bGPO 801 2$bFSF 801 2$bOCLCF 801 2$bCUT 801 2$bTFW 801 2$bSBC 801 2$bAZP 801 2$bGPO 906 $aBOOK 912 $a9910707494303321 996 $aAfghan National Army$93468954 997 $aUNINA